000 00681cam a22002413a 4500
001 27532
003 PGUSA
005 20140828083609.0
008 081214s2008||||xxu|||||s|||||000 | eng d
040 _aPGUSA
_beng
042 _adc
050 4 _aB
100 1 _aDescartes, René,
_d1596-1650
245 1 0 _aBetrachtungen über die Grundlagen der Philosophie
_h[electronic resource] /
_cRené Descartes
260 _bProject Gutenberg,
_c2008
506 _aPublic domain in the USA.
516 _aElectronic text
653 _aPhilosophy
700 1 _aFischer, Ludwig
830 0 _aProject Gutenberg
_v27532
856 4 0 _uhttp://www.gutenberg.org/ebooks/27532
942 _cEB
999 _c256787
_d256787